书目信息 |
| 题名: |
工程建设监理手册
|
|
| 作者: | 许晓峰 编著 | |
| 分册: | ||
| 出版信息: | 北京 中华工商联合出版社 2000.01 |
|
| 页数: | 394页 | |
| 开本: | 32开 | |
| 丛书名: | ||
| 单 册: | ||
| 中图分类: | TU712.2-62 | |
| 科图分类: | ||
| 主题词: | 建筑工程--施工管理 | |
| 电子资源: | ||
| ISBN: | 7-80100-585-6 | |
| 000 | 00589nam0 2200193 45 | |
| 001 | 0008030846 | |
| 005 | 20001011170719.3 | |
| 010 | @a7-80100-585-6@d19.00元 | |
| 100 | @a20000803d2000 km y0chiy0120 ea | |
| 101 | 0 | @achi |
| 105 | @a z 000yy | |
| 200 | 1 | @a工程建设监理手册@AGong Cheng Jian She Jian Li ShouCe@f许晓峰等编著@FXu Xiao Feng Deng Bian Zhu |
| 210 | @a北京@c中华工商联合出版社@d2000.01 | |
| 215 | @a394页@d32开 | |
| 606 | 0 | @a建筑工程@x施工管理 |
| 690 | @aTU712.2-62@v3 | |
| 701 | 0 | @a许晓峰@4编著 |
| 801 | @aCN@bPftUser@c20000803 | |
| 905 | @dTU712.2-62@eX255@b176119-121@f3 | |
| 工程建设监理手册/许晓峰等编著.-北京:中华工商联合出版社,2000.01 |
| 394页;32开 |
| ISBN 7-80100-585-6:19.00元 |
| ● |
| 相关链接 |
|
|
|
正题名:工程建设监理手册
索取号:TU712.2-62/X255
 
预约/预借
| 序号 | 登录号 | 条形码 | 馆藏地/架位号 | 状态 | 备注 |
| 1 | 176119 | 201761192 | 土木与交通工程学院资料室/土木与交通学院资料室 1排1列1层/ [索取号:TU712.2-62/X255] | 在馆 | |
| 2 | 176120 | 201761209 | 土木与交通工程学院资料室/土木与交通学院资料室 1排1列1层/ [索取号:TU712.2-62/X255] | 在馆 | |
| 3 | 176121 | 201761218 | 建筑库201/201建筑库 24排1列5层/ [索取号:TU712.2-62/X255] | 在馆 | |
| 4 | 63596 | 200635964 | 建筑库201/201建筑库 24排1列5层/ [索取号:TU712.2-62/X255] | 在馆 | |
| 5 | 63597 | 200635973 | 土木与交通工程学院资料室/土木与交通学院资料室 1排1列1层/ [索取号:TU712.2-62/X255] | 在馆 | |
| 6 | 63598 | 200635982 | 建筑库201/201建筑库 22排4列4层/ [索取号:TU712.2-62/X255] | 在馆 | |
| 7 | 63599 | 200635991 | 土木与交通工程学院资料室/土木与交通学院资料室 1排1列1层/ [索取号:TU712.2-62/X255] | 在馆 | |
| 8 | 63600 | 200636008 | 建筑库201/201建筑库 22排4列4层/ [索取号:TU712.2-62/X255] | 在馆 |